| 000 | 00971nam a2200289Ia 4500 | ||
|---|---|---|---|
| 001 | Para_1339 | ||
| 003 | CHAP | ||
| 008 | 220125s1998 xx 000 0 und d | ||
| 010 | _a200047 | ||
| 040 | _cCHAP | ||
| 090 | _aPA TESIS 1280 | ||
| 100 |
_aSánchez Posadas, Victor _9107764 |
||
| 245 |
_aControl químico de maleza en ajo (Allim Sativum L.), en dos épocas de aplicación, en Chapingo, México / _c por Victor Sánchez Posadas |
||
| 260 |
_aChapingo, Méx. : _b El autor |
||
| 300 | _a55 h. | ||
| 502 | _aTesis (Ing. Agr. Esp. en Parasitología Agrícola), UACh. Depto. Parasitología | ||
| 650 |
_aAjo _x malas hierbas _x control _93198 |
||
| 650 |
_aMalas hierbas _x control _970011 |
||
| 710 |
_aUACh. Departamento de Parasitología Agrícola _9115877 |
||
| 901 | _aPA TESIS 1280 | ||
| 902 | _aA | ||
| 905 | _a0000001998 i 0000000000 00 | ||
| 910 | _a1998 | ||
| 942 | _cPARA | ||
| 942 |
_cPARA _d1 |
||
| 999 |
_c200047 _d200047 |
||